Дело о книге Сен-Жюльена на иностранном языке

Доступно только в Электронных читальных залах Найти на картеНа карте
RUSMARC
00004034nmc2a2200000 x 450
00173a5d870-4e89-4835-a1fc-380aaab85cf3
00520151216160042.0
100##$a20150901l18441845k l0rusy0189 ca
1010#$arus
$afre
102##$aRU
2001#$aДело о книге Сен-Жюльена на иностранном языке
$j8 июля 1844 г. - 19 апреля 1845 г.
251##$cДело
300##$aДело на русском и французском языках
300##$aОриг. заголовок дела: Дело о книге Сен-Жюльена Cours methodique et general de composition applique ce la langue francaise. 8 июля 1844 г. - 19 апреля 1845 г
801#0$aRU
$bРГИА
$c20150901
$gRCR
801#1$aRU
$bГлавНИВЦ
$c20150901
$2rusmarc
801#2$aRU
$bПБ им. Б.Н. Ельцина
$c20151216
$gRCR
$2rusmarc
850##$aРГИА
852##$aРГИА
$eФедеральное казенное учреждение "Российский государственный исторический архив" (РГИА)
$j103
937##$hРГИА
$d12092501
$aASBIBLIO_SCAN
462#0$10016e7ba0f3-98a0-45d9-8501-58dfee489242
$12001
$aДела Хозяйственного отделения Департамента народного просвещения за 1835-1849 гг.
$1251
$cОпись
$1852
$j105
461#0$1001a74412a3-3cc5-4d21-8f0a-dfe2fbd9e72d
$12001
$aДепартамент народного просвещения Министерства народного просвещения
$1251
$cФонд
$1852
$j733
215##$a32 л.
$d36,5x26 см
371##$aДокумент не является опубликованным и широко распространяемым
105##$ay###
1222#$ad
5171#$aДело о книге Сен-Жюльена Cours methodique et general de composition applique ce la langue francaise. 8 июля 1844 г. - 19 апреля 1845 г
035##$a73a5d870-4e89-4835-a1fc-380aaab85cf3
Формат отображения